Sports Quiz

Random Sports or College Quiz

NCAA Football Conference Champs Quiz Stats

 Plays Quiz not verified by Sporcle

Score 0/163 Timer 14:00
0 Plays Today
Conference School % Correct
ACCClemson
82.3%
ACCFlorida State
82.3%
Big 12Oklahoma
76.1%
Big 12Texas
74.9%
Big TenMichigan
70.8%
Big TenOhio State
70%
Big 12Nebraska
68.7%
Big 12Kansas State
67.1%
Big 12Oklahoma State
66.3%
Big TenMinnesota
65.8%
ACCVirginia Tech
63.4%
Big TenWisconsin
63.4%
ACCMaryland
62.1%
ACCGeorgia Tech
62.1%
ACCNorth Carolina
61.7%
Big TenMichigan State
61.7%
Big 8Oklahoma
61.3%
Big TenIllinois
61.3%
ACCDuke
60.9%
Big 12Texas A&M
60.9%
Big 8Nebraska
60.9%
Big TenIowa
60.9%
SECAlabama
60.9%
Big TenPenn State
60.5%
Big TenIndiana
59.7%
ACCWake Forest
59.3%
Big East/AmericanMiami
58.8%
ACCNC State
58.4%
SECFlorida
58%
Big 12Colorado
57.2%
Big TenNorthwestern
57.2%
Big TenPurdue
56.8%
SECTennessee
56.4%
SECGeorgia
56%
SECLSU
56%
Pac-12Southern Cal
55.6%
Big 12Baylor
54.7%
SECAuburn
53.5%
Big 8Kansas
53.1%
Pac-12UCLA
53.1%
Big 8Missouri
52.3%
Big 8Colorado
52.3%
Pac-12Washington
52.3%
Big East/AmericanWest Virginia
51.9%
Pac-12Arizona State
51.9%
Pac-12California
51.4%
Pac-12Stanford
51.4%
SECMississippi
51.4%
Pac-12Arizona
51%
Pac-12Oregon
50.6%
Big 8Oklahoma State
50.2%
Pac-12Washington State
49.8%
Pac-12Oregon State
49.4%
Big 8Kansas State
49%
ACCSouth Carolina
48.6%
Conference School % Correct
Big 8Iowa State
47.3%
Ivy (1956-1981)Harvard
47.3%
Ivy (1956-1981)Yale
46.9%
Big East/AmericanLouisville
45.3%
Big East/AmericanSyracuse
44.9%
SouthwestTexas
44.4%
Big East/AmericanCincinnati
44%
Ivy (1956-1981)Princeton
43.6%
SouthwestTexas A&M
43.2%
ACCVirginia
43%
Big East/AmericanVirginia Tech
42.8%
Ivy (1956-1981)Brown
42.8%
Big East/AmericanConnecticut
42.4%
SECGeorgia Tech
42.4%
Big East/AmericanPittsburgh
42%
Ivy (1956-1981)Pennsylvania
42%
Big East/AmericanBoston College
41.2%
Ivy (1956-1981)Cornell
41.2%
SECKentucky
41.2%
Ivy (1956-1981)Dartmouth
40.7%
MACMiami
40.7%
Big 8Iowa
40.3%
SECMississippi State
39.9%
SouthwestArkansas
39.5%
SouthwestTexas Tech
38.3%
Ivy (1956-1981)Columbia
37%
MACOhio
37%
SouthwestSMU
36.2%
SouthwestTCU
35%
SouthwestHouston
35%
WACBoise State
35%
SouthwestBaylor
34.6%
SouthwestOklahoma
33.7%
C-USALouisville
33.3%
Big TenChicago
32.9%
WACBYU
32.9%
MACKent State
31.7%
MACCentral Michigan
31.3%
C-USAHouston
30.5%
Mountain StatesUtah
30.5%
Mountain StatesColorado
30%
MACToledo
29.6%
MACMarshall
29.6%
SECTulane
29.6%
WACArizona State
29.6%
C-USACincinnati
29.2%
MACNorthern Illinois
29.2%
MACWestern Michigan
29.2%
MACEastern Michigan
29.2%
WACUtah
28.8%
WACArizona
28.8%
C-USATCU
28%
MACBowling Green
28%
MACAkron
28%
MACCincinnati
27.6%
Conference School % Correct
SouthwestRice
27.2%
C-USACentral Florida
26.7%
WACTCU
26.3%
C-USATulsa
25.9%
C-USATulane
25.5%
WACNew Mexico
25.5%
WACNevada
25.5%
Mountain StatesUtah State
25.1%
WACColorado State
25.1%
MACBall State
24.7%
C-USASouthern Miss
24.3%
Mountain StatesColorado State
24.3%
WACAir Force
23.9%
WACFresno State
23.5%
WACSan Diego State
23%
WACWyoming
22.6%
WACHawaii
22.6%
C-USAEast Carolina
22.2%
Mountain StatesWyoming
22.2%
MACBuffalo
21.4%
Sun BeltArkansas State
21.4%
Big East/AmericanRutgers
21.1%
Sun BeltTroy
21%
Sun BeltNorth Texas
21%
WACUTEP
21%
Sun BeltFlorida International
20.6%
WACLouisiana Tech
20.6%
Big East/AmericanCentral Florida
20%
Sun BeltUL Lafayette
19.3%
Sun BeltFlorida Atlantic
18.1%
Sun BeltMiddle Tennessee
17.3%
Sun BeltUL Monroe
17.3%
MWCUtah
14.7%
MWCFresno State
13.7%
MWCBYU
13.7%
MWCBoise State
12.6%
MWCTCU
11.6%
MWCColorado State
10.5%
MWCSan Diego State
7.4%
Big WestNevada
6.3%
Mountain StatesDenver
6.2%
Big WestUNLV
5.3%
Big WestUtah State
5.3%
Big WestSan Diego State
5.3%
Big WestFresno State
5.3%
Big WestSan Jose State
5.3%
C-USARice
4.2%
Big WestCal State-Fullerton
4.2%
Big WestLong Beach State
4.2%
WACUtah State
3.2%
Big WestIdaho
3.2%
Big WestBoise State
3.2%
Big WestUL Lafayette
3.2%

You're not logged in!

Compare scores with friends on all Sporcle quizzes.
OR
Log In

Show Comments

Extras

Top Quizzes Today


Score Distribution

Your Account Isn't Verified!

In order to create a playlist on Sporcle, you need to verify the email address you used during registration. Go to your Sporcle Settings to finish the process.

Report this User

Report this user for behavior that violates our Community Guidelines.

Details: